BIG BIM 4.0: Ecosystems for a Connected World /

Saved in:
Bibliographic Details
Main Author: Jernigan, Finith (Author)
Format: Book
Language:English
Published: Salisbury: 4 Site Press, 2017
Subjects:
Tags: Add Tag
No Tags, Be the first to tag this record!

MARC

LEADER 00000nam a22000003a 4500
001 0085624
003 SK-STU
005 20201217110335.5
007 ta
008 201217s ----xo-----e------000-0-----d
020 |a 978-0-9855359-3-3 
040 |a STU  |b slo 
041 0 |a eng  |h eng 
044 |a xxu 
100 1 |a Jernigan, Finith  |4 aut  |r Z6 
245 1 0 |a BIG BIM 4.0:  |b Ecosystems for a Connected World /  |c aut. Finith Jernigan 
260 |a Salisbury:  |b 4 Site Press,  |c 2017 
300 |a 435 s. 
650 0 7 |a strategic thinking 
650 0 7 |a mind maps 
996 |c V* 53104/O-24264  |l VV16  |s P  |a 0  |w 0085624_0001